Introductory mathematical analysis : (Record no. 17562)

MARC details
000 -LEADER
fixed length control field 01184nam a2200325 i 4500
001 - CONTROL NUMBER
control field 015414835
003 - CONTROL NUMBER IDENTIFIER
control field EG-ScBUE
005 - DATE AND TIME OF LATEST TRANSACTION
control field 20241002104519.0
008 - FIXED-LENGTH DATA ELEMENTS--GENERAL INFORMATION
fixed length control field 091104s2012 enka f 001 0 eng d
020 ## - INTERNATIONAL STANDARD BOOK NUMBER
International Standard Book Number 1408286408
020 ## - INTERNATIONAL STANDARD BOOK NUMBER
International Standard Book Number 9781408286401
040 ## - CATALOGING SOURCE
Original cataloging agency EG-ScBUE
Language of cataloging eng
Description conventions rda
Transcribing agency EG-ScBUE
Modifying agency EG-ScBUE
082 04 - DEWEY DECIMAL CLASSIFICATION NUMBER
Classification number 515
Item number INT
Edition number 22
245 00 - TITLE STATEMENT
Title Introductory mathematical analysis :
Remainder of title for business, economics, and the life and social sciences /
Statement of responsibility, etc Ernest F. Haeussler, Jr., The Pennsylvania State University [and three others]
250 ## - EDITION STATEMENT
Edition statement Arab World edition.
264 #1 - PUBLICATION, DISTRIBUTION, ETC. (IMPRINT)
Place of publication, distribution, etc Harlow, England :
Name of publisher, distributor, etc Pearson Education Limited,
Date of publication, distribution, etc 2012.
300 ## - PHYSICAL DESCRIPTION
Extent 1 volume (various pagings) :
Other physical details illustrations (some color) ;
Dimensions 28 cm
336 ## - CONTENT TYPE
Source rdacontent
Content type term text
Content type code txt
337 ## - MEDIA TYPE
Media type term unmediated
Source rdamedia
Media type code n
338 ## - CARRIER TYPE
Carrier type term volume
Carrier type code nc
Source rdacarrier
500 ## - GENERAL NOTE
General note Includes appendixes.
500 ## - GENERAL NOTE
General note Includes index.
650 #7 - SUBJECT ADDED ENTRY--TOPICAL TERM
Topical term or geographic name as entry element Mathematical analysis.
9 (RLIN) 19895
Source of heading or term BUEsh
650 #7 - SUBJECT ADDED ENTRY--TOPICAL TERM
Topical term or geographic name as entry element Business mathematics.
9 (RLIN) 801
Source of heading or term BUEsh
651 ## - SUBJECT ADDED ENTRY--GEOGRAPHIC NAME
Source of heading or term BUEsh
653 ## - INDEX TERM--UNCONTROLLED
Arrived date list August2015
-- October2015
Resource For college BAEPS, Economics
655 ## - INDEX TERM--GENRE/FORM
Form subdivision Text book
9 (RLIN) 33728
700 1# - ADDED ENTRY--PERSONAL NAME
Personal name Haeussler, Ernest F.,
Relator term author.
9 (RLIN) 19894
942 ## - ADDED ENTRY ELEMENTS (KOHA)
Source of classification or shelving scheme Dewey Decimal Classification
Koha item type Book - Borrowing
Holdings
Withdrawn status Lost status Source of classification or shelving scheme Damaged status Not for loan Collection code Home library Current library Shelving location Date acquired Source of acquisition Total Checkouts Full call number Barcode Date last seen Date checked out Koha item type Cost, normal purchase price Total Renewals Cost, replacement price Materials specified (bound volume or other part) Public note Checked out Serial Enumeration / chronology
    Dewey Decimal Classification     Baccah Central Library Central Library First floor 29/09/2013 Purchase 3 515 INT 000029033 15/07/2025 20/11/2013 NB - Book (Non borrowing)              
  Lost and Paid For Dewey Decimal Classification     Baccah Central Library Central Library First floor 29/09/2013 Purchase 9 515 INT 000029034 26/10/2014 26/10/2014 Book - Borrowing 1000.00 13 1250.00        
    Dewey Decimal Classification     Baccah Central Library Central Library First floor 29/09/2013 Purchase 23 515 INT 000029035 15/07/2025 12/10/2024 Book - Borrowing   77          
  Lost Dewey Decimal Classification     Baccah Central Library Central Library First floor 29/09/2013 Purchase 25 515 INT 000029036 24/08/2022 24/11/2019 Book - Borrowing   27   Lost_In_Inventory_12-2-2024      
    Dewey Decimal Classification     Baccah Central Library Central Library First floor 29/09/2013 Purchase 24 515 INT 000057065 24/08/2022 23/09/2017 Book - Borrowing   57     Replacment by 000029037    
  Lost Dewey Decimal Classification     Baccah Central Library Central Library First floor 29/09/2013 Purchase 9 515 INT 000029038 10/12/2014 09/12/2014 Book - Borrowing   14   Lost In Inventory_2015-8-23      
  Lost Dewey Decimal Classification     Baccah Central Library Central Library First floor 28/10/2013 Purchase 8 515 INT 000029549 01/12/2014 01/12/2014 Book - Borrowing   3       11/01/2015  
    Dewey Decimal Classification     Baccah Central Library Central Library First floor 28/10/2013 Purchase 26 515 INT 000029550 15/07/2025 23/09/2017 Book - Borrowing   27          
    Dewey Decimal Classification     Baccah Central Library Central Library First floor 03/11/2013 Purchase 16 515 INT 000035003 15/07/2025 23/09/2017 Book - Borrowing   14          
    Dewey Decimal Classification     Baccah Central Library Central Library First floor 03/11/2013 Purchase 22 515 INT 000035004 15/07/2025 01/11/2017 Book - Borrowing   27          
  Lost Dewey Decimal Classification     Baccah Central Library Central Library First floor 11/11/2013 Purchase 1 515 INT 000035059 11/01/2014 02/01/2014 Book - Borrowing       Lost In Inventory_2005-2015/8/22      
    Dewey Decimal Classification     Baccah Central Library Central Library First floor 04/12/2013 Purchase 23 515 INT 000029676 15/07/2025 19/10/2019 Book - Borrowing   53          
    Dewey Decimal Classification     Alahram Central Library Central Library First floor 22/06/2015 Purchase 11 515 INT 000038913 15/07/2025 20/10/2019 Book - Borrowing 222.00 32 277.50       335
    Dewey Decimal Classification     Baccah Central Library Central Library First floor 26/12/2017 Purchase 2 515 INT 000047032 15/07/2025 19/10/2019 Book - Borrowing   13